|
|
|
|
| LEADER |
02175nam a22004335i 4500 |
| 001 |
978-1-4419-7732-8 |
| 003 |
DE-He213 |
| 005 |
20151125191741.0 |
| 007 |
cr nn 008mamaa |
| 008 |
110117s2011 xxu| s |||| 0|eng d |
| 020 |
|
|
|a 9781441977328
|9 978-1-4419-7732-8
|
| 024 |
7 |
|
|a 10.1007/978-1-4419-7732-8
|2 doi
|
| 040 |
|
|
|d GrThAP
|
| 050 |
|
4 |
|a RD33.55-33.57
|
| 072 |
|
7 |
|a MMPH
|2 bicssc
|
| 072 |
|
7 |
|a MED080000
|2 bisacsh
|
| 082 |
0 |
4 |
|a 616.0757
|2 23
|
| 100 |
1 |
|
|a Arellano, Ronald S.
|e author.
|
| 245 |
1 |
0 |
|a Non-Vascular Interventional Radiology of the Abdomen
|h [electronic resource] /
|c by Ronald S. Arellano.
|
| 264 |
|
1 |
|a New York, NY :
|b Springer New York :
|b Imprint: Springer,
|c 2011.
|
| 300 |
|
|
|a XIV, 108 p. 21 illus.
|b online resource.
|
| 336 |
|
|
|a text
|b txt
|2 rdacontent
|
| 337 |
|
|
|a computer
|b c
|2 rdamedia
|
| 338 |
|
|
|a online resource
|b cr
|2 rdacarrier
|
| 347 |
|
|
|a text file
|b PDF
|2 rda
|
| 505 |
0 |
|
|a Patient Evaluation and Preparation -- Image-Guided Percutaneous Biopsy -- Percutaneous Abscess Drainage -- Percutaneous Urinary Interventions -- Percutaneous Gastrostomy and Gastrojejunostomy -- Biliary Interventions.
|
| 520 |
|
|
|a This book is designed to provide a foundation for physicians-in-training and a quick guide to further enhance the skills set of practicing interventionalists. It is a concise reference manual covering the major aspects of clinical scenarios, procedures, and techniques. Non-Vascular Interventional Radiology of the Abdomen expertly addresses the planning and execution of commonly encountered procedures, including organ specific biopsies, abscess drainage, urinary interventions, gastrostomy, gastrojejunostomy, and biliary interventions.
|
| 650 |
|
0 |
|a Medicine.
|
| 650 |
|
0 |
|a Radiology.
|
| 650 |
|
0 |
|a Interventional radiology.
|
| 650 |
1 |
4 |
|a Medicine & Public Health.
|
| 650 |
2 |
4 |
|a Interventional Radiology.
|
| 650 |
2 |
4 |
|a Imaging / Radiology.
|
| 710 |
2 |
|
|a SpringerLink (Online service)
|
| 773 |
0 |
|
|t Springer eBooks
|
| 776 |
0 |
8 |
|i Printed edition:
|z 9781441977311
|
| 856 |
4 |
0 |
|u http://dx.doi.org/10.1007/978-1-4419-7732-8
|z Full Text via HEAL-Link
|
| 912 |
|
|
|a ZDB-2-SME
|
| 950 |
|
|
|a Medicine (Springer-11650)
|